000 00354 a2200169 4500
001 183517
020 _a85-7509108-5
040 _cMagnum
100 _aLopes, Carlos Herculano
240 1 0 _aO vestido
_lpor
245 1 0 _aO vestido
300 _a199
362 0 _a2004
440 1 _aGeração Editorial
697 _aLITERATURA GERAL
942 _cBK
999 _c183517
_d183517